00329cam a2200145ua 45000010005000000080039000050400009000440410012000530820014000651000021000792450038001003000010001386530023001487000012001711614120104n II |||gr||||Z||||||eng aMAIN aEnglish a330.9 DUB aDUBEY , DR. R.N. aECONOMIC AND COMMERCIAL GEOGRAPHY c20CM. aECONOMIC GEOGRAPHY aSINGHA.